000 01463nam a2200265 i 4500
001 C00064210c
005 20241029150955.0
008 170505s1774 it f |||| ||ita d
100 1 _aPolanzani, Francesco (
_d1700-ca. 1783)
_940830
245 1 0 _aVita della gran Madre di Dio Maria Vergine :
_bincisa in XXII rami estratti da' disegni originali del celebre Nicolò Pussino, ornata con sonetti allusivi composti da vari poeti arcadi /
_c[F. Polanzani sculp].
260 _aRoma :
_bData in luce da Bonaventura Minossi,
_c1774.
300 _a[2], XXII h., [1], XXII h. de lám. ;
_cFol. (53 cm)
500 _aCCPB000274802-9, IT\ICCU\RML\0220618.
500 _aLas h. de lám. grabadas por Francesco Polanzani.
500 _aLas h. de lám. grab. calc. al aguafuerte, son escenas que representan la vida de la Virgen María. En [1]: "Franciscus Preziado invenit"; "Joannes Ottaviani sculpsit". El resto: "Nic. Poussin inv.; F. Polanzani sculp.". Son h. de lám. enfrentadas a sonetos alusivos a las mismas.
500 _aFrente a la h. de lám. [1] hay un soneto ms., con tít.: "Sonetti di Parrasio Tebano. D. Francesco Preciado"
500 _aEnc. hol. con papel decorado con motivos florales.
700 1 _aPoussin, Nicolas (
_d1594-1665)
_933036
700 1 _aMinossi, Bonaventura.
_944705
700 1 _aPreciado de la Vega, Francisco (
_d1713-1789)
_91502
752 _aItalia -
_dRoma
852 4 _jC-50
999 _c60747
_d60747